A sportolók és a közösségi média piaca

Bibliográfiai részletek
Szerző: Kiss Domán
További közreműködők: Surányi Dr. András
Dokumentumtípus: Diplomadolgozat
Kulcsszavak:Kommunikáció
Sport
Közösségi média
Sportoló
Márkaépítés
Sportpszichológia
Interjú
Online Access:http://dolgozattar.uni-bge.hu/16385

MARC

LEADER 00000nta a2200000 i 4500
001 dolg16385
005 20200416091528.0
008 180514suuuu hu om 000 hun d
040 |a BGE Dolgozattár Repozitórium  |b hun 
041 |a hu 
100 1 |a Kiss Domán 
245 1 2 |a A sportolók és a közösségi média piaca  |c Kiss Domán  |h [elektronikus dokumentum] 
695 |a Kommunikáció 
695 |a Sport 
695 |a Közösségi média 
695 |a Sportoló 
695 |a Márkaépítés 
695 |a Sportpszichológia 
695 |a Interjú 
700 1 |a Surányi Dr. András  |e ths 
856 4 0 |u http://dolgozattar.uni-bge.hu/16385/1/szakdolgozatdoman28-2.pdf  |z Dokumentum-elérés